000 00297nam a22001097a 4500
008 160709b xxu||||| |||| 00| 0 eng d
100 _92481
_a Kadel, J.P
245 _aA New Approach to Art Education
260 _aN.D
_b Arya
_c2005
300 _aA New Approach to Art Education
942 _2ddc
_cBK
999 _c2148
_d2148